LEADER 01274nam--2200385---450- 001 990001149090203316 005 20091109141832.0 010 $a0-8032-2008-1 035 $a000114909 035 $aUSA01000114909 035 $a(ALEPH)000114909USA01 035 $a000114909 100 $a20030527d2000----km-y0enga50------ba 101 0 $aeng 102 $aUS 105 $ay|||z|||001yy 200 1 $a<> United States and human rights$elooking inward and outward 210 $aLincoln [etc.]$cUniversity of Nebraska press$d2000 215 $aXXVIII, 404 p.$d23 cm 225 2 $aHuman rights in international perspective$v5 410 0$12001$aHuman rights in international perspective$v5 606 0 $aDiritti civili$yStati Uniti d'America 676 $a342.73085 702 1$aFORSYTHE,$bDavid P. 801 0$aIT$bsalbc$gISBD 912 $a990001149090203316 951 $aXXIV.2.M. 346 5 (IG VIII 16 ING 823/5)$b36539 G.$cXXIV.2.M. 346 5 (IG VIII)$d00097588 959 $aBK 969 $aGIU 979 $aMARIA$b10$c20030527$lUSA01$h1253 979 $aPATRY$b90$c20040406$lUSA01$h1720 979 $aRENATO$b90$c20041207$lUSA01$h0934 979 $aRSIAV5$b90$c20091109$lUSA01$h1418 996 $aUnited States and human rights$9983100 997 $aUNISA LEADER 02292nas 2200457 n 450 001 990008900510403321 005 20240229084540.0 011 $a0066-3085 035 $a000890051 035 $aFED01000890051 035 $a(Aleph)000890051FED01 035 $a000890051 091 $2CNR$aP 00050913 100 $a20161109a19559999km-y0itaa50------ba 101 0 $afre 102 $aFR 110 $aauu-------- 200 1 $aAnnuaire francais de droit international 207 1$a1955- 210 $aParis$cCNRS 326 $aAnnuale 530 0 $aAnnuaire francais de droit international 675 $a341 676 $a341 676 $a341.05 801 0$aIT$bACNP$c20090723 859 4 $uhttp://acnp.cib.unibo.it/cgi-ser/start/it/cnr/dc-p1.tcl?catno=34599&person=false&language=ITALIANO&libr=&libr_th=unina1$zBiblioteche che possiedono il periodico 901 $aSE 912 $a990008900510403321 958 $aBiblioteca del Dipartimento di Diritto dell'Economia. Università di Napoli Federico II$b1955-1980;1983;1985-1997;1999-2000;2003;$e3/8$fDEC 958 $aBiblioteca Centrale della Facoltà di Giurisprudenza dell'Università di Napoli Federico II$b1955-1958;1960;1963;1966-1994;1996-2001;2003-$ePer. Fr. 52 (INT)$fFGBC 958 $aBiblioteca del dipartimento di Diritto Comune Patrimoniale.$b1968-1972;$e23-e$fDDCP 959 $aDEC 959 $aFGBC 959 $aDDCP 996 $aAnnuaire francais de droit international$9800900 997 $aUNINA AP1 8 $6866-01$aNA032 Biblioteca del Dipartimento di Diritto dell'Economia. Università di Napoli Federico II$b3/8$evia Cintia, Compl. Univ. Monte S. Angelo, 80126 Napoli (NA)$m081 675190 081 675122$m081 675123$nit AP1 8 $6866-02$aNA073 Biblioteca Centrale della Facoltà di Giurisprudenza dell'Università di Napoli Federico II$bPer. Fr. 52 (INT)$eCorso Umberto I, 80138 Napoli (NA)$m0812537531/33$m0812537532$nit AP1 8 $6866-03$aNA215 Biblioteca del dipartimento di Diritto Comune Patrimoniale.$b23-e$eVia Porta di Massa, 32, 80138 Napoli (NA)$m081/2534319$m081/2534319$nit AP2 40$aacnp.cib.unibo.it$nACNP Italian Union Catalogue of Serials$uhttp://acnp.cib.unibo.it/cgi-ser/start/it/cnr/df-p.tcl?catno=34599&language=ITALIANO&libr=&person=&B=1&libr_th=unina&proposto=NO